Physical chemistry / (Record no. 5335)

MARC details
000 -LEADER
fixed length control field 00776pam a2200253 a 4500
001 - CONTROL NUMBER
control field 2926970
003 - CONTROL NUMBER IDENTIFIER
control field OSt
005 - DATE AND TIME OF LATEST TRANSACTION
control field 20161011121508.0
008 - FIXED-LENGTH DATA ELEMENTS--GENERAL INFORMATION
fixed length control field 891019s1990 nyua 001 0 eng
010 ## - LIBRARY OF CONGRESS CONTROL NUMBER
LC control number 89029387
020 ## - INTERNATIONAL STANDARD BOOK NUMBER
International Standard Book Number 0716720736 :
Terms of availability $42.95
040 ## - CATALOGING SOURCE
Transcribing agency DDC.
082 00 - DEWEY DECIMAL CLASSIFICATION NUMBER
Classification number 541ATK 1998
100 1# - MAIN ENTRY--PERSONAL NAME
Personal name Atkins, P. W.
9 (RLIN) 8543
245 10 - TITLE STATEMENT
Title Physical chemistry /
Statement of responsibility, etc. P.W. Atkins.
250 ## - EDITION STATEMENT
Edition statement 6th ed.
260 ## - PUBLICATION, DISTRIBUTION, ETC. (IMPRINT)
Place of publication, distribution, etc. Tokyo;
Name of publisher, distributor, etc. Oxford University Press.,
Date of publication, distribution, etc. 1998
300 ## - PHYSICAL DESCRIPTION
Extent xii, 995 p. :
Other physical details ill. ;
Dimensions 27 cm.
504 ## - BIBLIOGRAPHY, ETC. NOTE
Bibliography, etc Includes index.
650 #0 - SUBJECT ADDED ENTRY--TOPICAL TERM
Topical term or geographic name as entry element Chemistry, Physical and theoretical.
9 (RLIN) 2922
906 ## - LOCAL DATA ELEMENT F, LDF (RLIN)
e ocip
f 19
g y-gencatlg
942 ## - ADDED ENTRY ELEMENTS (KOHA)
Source of classification or shelving scheme Dewey Decimal Classification
Koha item type Open Shelf
Holdings
Withdrawn status Lost status Source of classification or shelving scheme Damaged status Not for loan Home library Current library Date acquired Source of acquisition Inventory number Total Checkouts Total Renewals Full call number Barcode Date last seen Date last checked out Price effective from Koha item type Checked out
    Dewey Decimal Classification     MUST Main Library Faculty of Management Science Library 13/02/2020 Purchase 2000/14548 1   541ATK 1998 2020-0478 03/03/2020 03/03/2020 13/02/2020 Open Shelf 10/03/2020
    Dewey Decimal Classification     MUST Main Library MUST Main Library 11/10/2016   2000/14549 8 1 541ATK 1998 2016-4711 06/03/2023 22/02/2023 11/10/2016 Open Shelf